| 000 | 01423cam a2200349 a 4500 | ||
|---|---|---|---|
| 001 | 1900 | ||
| 003 | FISKH | ||
| 005 | 20250814144822.0 | ||
| 008 | 010420s2002 nyua b 000 1 eng | ||
| 010 | _a 2001032201 | ||
| 020 | _a9780439521536 | ||
| 040 |
_aDLC _cDLC _dDLC _beng |
||
| 042 | _alcac | ||
| 050 | 0 | 0 |
_aPZ7.C88135 _bGi 2002 |
| 082 | 0 | 0 |
_a813.6 _221 |
| 100 | 1 | _aCronin, Doreen. | |
| 245 | 1 | 0 |
_aGiggle, giggle, quack / _cby Doreen Cronin ; pictures by Betsy Lewin. |
| 260 |
_aNew York : _bScholastic, _c2002. |
||
| 300 |
_a32 unnumbered pages : _bcolor illustrations ; _c26 cm. |
||
| 505 | _aJ | ||
| 520 | _aWhen Farmer Brown goes on vacation, leaving his brother Bob in charge, Duck makes trouble by changing all his instructions to notes the animals like much better. | ||
| 521 | 8 |
_a480
_bLexile AD |
|
| 521 | 8 |
_aJ
_bRaz-Plus |
|
| 650 | 1 |
_aDucks _vFiction. |
|
| 650 | 1 |
_aDomestic animals _vFiction. |
|
| 700 | 1 |
_aLewin, Betsy, _eillustrator |
|
| 856 | 4 | 2 |
_3Contributor biographical information _uhttp://www.loc.gov/catdir/bios/simon052/2001032201.html |
| 856 | 4 | 2 |
_3Publisher description _uhttp://www.loc.gov/catdir/description/simon041/2001032201.html |
| 906 |
_a7 _bcbc _corignew _d1 _eocip _f20 _gy-gencatlg |
||
| 942 |
_2ddc _cBK _n0 |
||
| 999 |
_c1900 _d1900 |
||